[Event "Ruhrgebiet Verbandsbezirksliga Gr 1"]
[Site "Ruhrgebiet"]
[Date "2019.04.07"]
[Round "8.3"]
[White "Happel, Juergen"]
[Black "Zimmer, Tobias"]
[Result "1/2-1/2"]
[WhiteElo "1762"]
[BlackElo "1662"]
[PlyCount "117"]
[EventDate "2018.09.30"]
[EventType "team-tourn"]
[EventRounds "9"]
[EventCountry "GER"]
[SourceTitle "EXT 2022"]
[Source "ChessBase"]
[SourceDate "2021.10.06"]
[SourceVersion "1"]
[SourceVersionDate "2021.10.06"]
[SourceQuality "1"]
[WhiteTeam "Hamm Koenigsspringer II"]
[BlackTeam "Werl SC 1981 II"]
[WhiteTeamCountry "GER"]
[BlackTeamCountry "GER"]

1. e4 e6 2. d4 d5 3. Nc3 Nf6 4. e5 Nfd7 5. Qg4 c5 6. Bg5 Qb6 7. 0-0-0 cxd4 8. Rxd4 Nc6 9. Rd2 Ndxe5 10. Qh4 Ng6 11. Qg3 h6 12. Bf4 Nxf4 13. Qxf4 Be7 14. Nf3 0-0 15. h4 Bf6 16. Bd3 e5 17. Qg3 e4 18. Nxd5 Qxb2+ 19. Kd1 Qa1+ 20. Ke2 exf3+ 21. Kxf3 Qe5 22. Qxe5 Bxe5 23. Ke2 Be6 24. c4 Rad8 25. f4 Bd4 26. Be4 Bg4+ 27. Kd3 Bc5 28. Kc2 Nb4+ 29. Kc3 Nxd5+ 30. Bxd5 b6 31. Rf1 Rfe8 32. f5 Re3+ 33. Kc2 Bb4 34. Bxf7+ Kxf7 35. Rxd8 Rc3+ 36. Kb2 Rxc4 37. Rd7+ Kf6 38. Kb3 Re4 39. Rxa7 Bc5 40. Ra4 Rxa4 41. Kxa4 Be2 42. Re1 Bc4 43. g4 Bxa2 44. Kb5 Bd5 45. Rf1 Bg2 46. Re1 Bf3 47. Re6+ Kf7 48. g5 hxg5 49. hxg5 Bg4 50. Re5 Bh3 51. Rd5 Bf1+ 52. Ka4 Bc4 53. Rd7+ Be7 54. Rc7 b5+ 55. Ka5 Ke8 56. Rb7 Kd8 57. f6 gxf6 58. gxf6 Bxf6 59. Rxb5 1/2-1/2

[Event "Ruhrgebiet Verbandsbezirksliga Gr 1"]
[Site "Ruhrgebiet"]
[Date "2019.03.03"]
[Round "7.3"]
[White "Budde, Uwe"]
[Black "Happel, Juergen"]
[Result "1/2-1/2"]
[WhiteElo "1736"]
[BlackElo "1762"]
[PlyCount "42"]
[EventDate "2018.09.30"]
[EventType "team-tourn"]
[EventRounds "9"]
[EventCountry "GER"]
[SourceTitle "EXT 2022"]
[Source "ChessBase"]
[SourceDate "2021.10.06"]
[SourceVersion "1"]
[SourceVersionDate "2021.10.06"]
[SourceQuality "1"]
[WhiteTeam "Boenen SV II"]
[BlackTeam "Hamm Koenigsspringer II"]
[WhiteTeamCountry "GER"]
[BlackTeamCountry "GER"]

1. Nf3 c6 2. c4 d5 3. e3 Nf6 4. d4 Bf5 5. Qb3 Qc7 6. Nc3 e6 7. h3 Nbd7 8. Bd2 Be7 9. Rc1 Rc8 10. Be2 0-0 11. 0-0 Qb8 12. Nb1 Ne4 13. Bb4 Rfe8 14. Bxe7 Rxe7 15. Nbd2 Ndf6 16. Nxe4 Nxe4 17. Qb4 Rec7 18. Nd2 c5 19. dxc5 Rxc5 20. Nxe4 Bxe4 21. Rc3 b6 1/2-1/2

[Event "Ruhrgebiet Verbandsbezirksliga Gr 1"]
[Site "Ruhrgebiet"]
[Date "2018.12.16"]
[Round "4.3"]
[White "Happel, Juergen"]
[Black "Volkermann, Thomas"]
[Result "1-0"]
[WhiteElo "1762"]
[BlackElo "1595"]
[PlyCount "67"]
[EventDate "2018.09.30"]
[EventType "team-tourn"]
[EventRounds "9"]
[EventCountry "GER"]
[SourceTitle "EXT 2022"]
[Source "ChessBase"]
[SourceDate "2021.10.06"]
[SourceVersion "1"]
[SourceVersionDate "2021.10.06"]
[SourceQuality "1"]
[WhiteTeam "Hamm Koenigsspringer II"]
[BlackTeam "Unna SV II"]
[WhiteTeamCountry "GER"]
[BlackTeamCountry "GER"]

1. e4 c6 2. d4 d5 3. Nc3 dxe4 4. Nxe4 Bf5 5. Ng3 Bg6 6. Nf3 e6 7. h4 h6 8. Bc4 Nd7 9. 0-0 Ngf6 10. Re1 Be7 11. Qe2 0-0 12. Ne5 Nxe5 13. dxe5 Nd5 14. h5 Bh7 15. Qg4 Kh8 16. Bb3 b5 17. c4 bxc4 18. Qxc4 Qb6 19. Be3 Nxe3 20. Rxe3 Bc5 21. Re2 Bd4 22. Rc1 Rac8 23. Bc2 Bxb2 24. Bxh7 Bxc1 25. Bc2 Ba3 26. Qd3 g6 27. Qxa3 Rcd8 28. hxg6 fxg6 29. Ne4 Rf4 30. Qh3 Kg7 31. Qxe6 Rdf8 32. Nd6 R4f5 33. Nxf5+ gxf5 34. Bxf5 1-0

[Event "Ruhrgebiet Bezirksliga 17/18"]
[Site "Ruhrgebiet"]
[Date "2017.11.19"]
[Round "4.4"]
[White "Happel, Juergen"]
[Black "Irlaender, Walter"]
[Result "1/2-1/2"]
[WhiteElo "1716"]
[BlackElo "1886"]
[PlyCount "50"]
[EventDate "2017.09.03"]
[EventType "team-tourn"]
[EventRounds "9"]
[EventCountry "GER"]
[SourceTitle "EXT 2022"]
[Source "ChessBase"]
[SourceDate "2021.10.06"]
[SourceVersion "1"]
[SourceVersionDate "2021.10.06"]
[SourceQuality "1"]
[WhiteTeam "Hamm Koenigsspringer II"]
[BlackTeam "Unna SV"]
[WhiteTeamCountry "GER"]
[BlackTeamCountry "GER"]

1. Nf3 d5 2. g3 Nf6 3. Bg2 c6 4. 0-0 Nbd7 5. d4 g6 6. Nbd2 Bg7 7. c4 e6 8. b3 0-0 9. Bb2 Ne4 10. Ne5 Nxd2 11. Nxd7 Nxf1 12. Nxf8 Nxg3 13. hxg3 Qxf8 14. Qd3 Qe7 15. Rc1 Bd7 16. Qe3 Qf6 17. Qc3 Re8 18. Qb4 Bc8 19. Qc5 a6 20. Bf3 h5 21. Qd6 h4 22. Qb8 hxg3 23. Qxg3 Bh6 24. e3 Kg7 25. Kg2 Qg5 1/2-1/2

[Event "Ruhrgebiet Bezirksliga 17/18"]
[Site "Ruhrgebiet"]
[Date "2017.09.17"]
[Round "2.4"]
[White "Decker, Alexander"]
[Black "Happel, Juergen"]
[Result "1/2-1/2"]
[WhiteElo "1925"]
[BlackElo "1716"]
[PlyCount "32"]
[EventDate "2017.09.03"]
[EventType "team-tourn"]
[EventRounds "9"]
[EventCountry "GER"]
[SourceTitle "EXT 2022"]
[Source "ChessBase"]
[SourceDate "2021.10.06"]
[SourceVersion "1"]
[SourceVersionDate "2021.10.06"]
[SourceQuality "1"]
[WhiteTeam "Ahlen SV II"]
[BlackTeam "Hamm Koenigsspringer II"]
[WhiteTeamCountry "GER"]
[BlackTeamCountry "GER"]

1. d4 d6 2. Nf3 g6 3. c3 Bg7 4. e4 Nf6 5. Bd3 0-0 6. Bg5 c5 7. 0-0 cxd4 8. cxd4 Nc6 9. Nc3 Bd7 10. Qd2 Rc8 11. e5 dxe5 12. dxe5 Ng4 13. Be4 Ngxe5 14. Nxe5 Bxe5 15. Rfe1 Bf6 16. Bxf6 exf6 1/2-1/2

[Event "Wiesbaden op 29th"]
[Site "Wiesbaden"]
[Date "2017.08.26"]
[Round "4"]
[White "Anhalt, Albert"]
[Black "Happel, Juergen"]
[Result "0-1"]
[WhiteElo "1789"]
[BlackElo "1593"]
[PlyCount "72"]
[EventDate "2017.08.24"]
[EventType "swiss"]
[EventRounds "7"]
[EventCountry "GER"]
[SourceTitle "CBM 180 Extra"]
[Source "ChessBase"]
[SourceDate "2017.10.06"]
[SourceVersion "1"]
[SourceVersionDate "2017.10.06"]
[SourceQuality "1"]

1. e4 e5 2. Nf3 Nc6 3. Bc4 h6 4. 0-0 d6 5. d4 exd4 6. c3 Nf6 7. Re1 Ne5 8. Bb3 Bg4 9. cxd4 Nxf3+ 10. gxf3 Bh5 11. Qd3 c6 12. Nd2 Qc7 13. Nf1 0-0-0 14. Ng3 Bg6 15. f4 Bh7 16. Qf3 Bg8 17. Be3 Kb8 18. Rac1 Qd7 19. e5 Nd5 20. Bd2 dxe5 21. fxe5 Bb4 22. Bxb4 Nxb4 23. Rcd1 Nd5 24. Ne4 Qe7 25. Qg3 Bh7 26. Nd6 Rhg8 27. f4 f6 28. Qf3 f5 29. Bxd5 cxd5 30. Qxd5 g5 31. Kf2 gxf4 32. Qf7 Qh4+ 33. Ke2 Qxh2+ 34. Kd3 Rg3+ 35. Kc4 Bg8 36. e6 Qc2+ 0-1

[Event "Rhein Main op-B 20th"]
[Site "Bad Homburg"]
[Date "2017.06.15"]
[Round "3"]
[White "Happel, Juergen"]
[Black "Zannoni, Mila"]
[Result "1/2-1/2"]
[WhiteElo "1606"]
[BlackElo "1429"]
[PlyCount "41"]
[EventDate "2017.06.14"]
[EventType "swiss"]
[EventRounds "7"]
[EventCountry "GER"]
[SourceTitle "EXT 2018"]
[Source "ChessBase"]
[SourceDate "2017.10.13"]
[SourceVersion "1"]
[SourceVersionDate "2017.10.13"]
[SourceQuality "1"]

1. d4 d5 2. Bf4 Nf6 3. h3 e6 4. e3 c5 5. c3 Nc6 6. Nf3 Bd6 7. Bxd6 Qxd6 8. Be2 0-0 9. 0-0 cxd4 10. exd4 a6 11. a4 Bd7 12. Nbd2 Qc7 13. Bd3 h6 14. Qc2 Rac8 15. Rfc1 Rfe8 16. Qd1 Nh5 17. c4 dxc4 18. Rxc4 Qb8 19. Be4 Nf6 20. Bxc6 Bxc6 21. Rac1 1/2-1/2

[Event "Wiesbaden op 28th"]
[Site "Wiesbaden"]
[Date "2016.08.28"]
[Round "7"]
[White "Happel, Juergen"]
[Black "Reinecke, Katharina"]
[Result "1/2-1/2"]
[WhiteElo "1565"]
[BlackElo "1788"]
[PlyCount "104"]
[EventDate "2016.08.25"]
[EventType "swiss"]
[EventRounds "7"]
[EventCountry "GER"]
[SourceTitle "CBM 174 Extra"]
[Source "ChessBase"]
[SourceDate "2016.10.10"]
[SourceVersion "1"]
[SourceVersionDate "2016.10.10"]
[SourceQuality "1"]

1. d4 d5 2. Bf4 c6 3. c3 Nf6 4. h3 Bf5 5. e3 e6 6. Nf3 Be7 7. Bd3 Bxd3 8. Qxd3 Nbd7 9. 0-0 0-0 10. Nbd2 Rc8 11. a4 c5 12. Rfc1 Rc6 13. Ne5 Nxe5 14. Bxe5 Qd7 15. dxc5 Rxc5 16. b4 Rc7 17. b5 Rcc8 18. c4 Rfd8 19. cxd5 Nxd5 20. Nf3 f6 21. Bb2 Bc5 22. Rd1 Qe7 23. Qb3 Rd7 24. e4 Nc7 25. Rxd7 Qxd7 26. Rd1 Qe7 27. Rc1 Kh8 28. a5 e5 29. Ra1 Ne6 30. Rc1 Rd8 31. Rd1 Rd7 32. Qa4 b6 33. axb6 Bxb6 34. Qc2 Nc5 35. Ba3 Rc7 36. Bxc5 Rxc5 37. Qd3 h6 38. Nh4 Kh7 39. Nf5 Qc7 40. Ne3 Rc3 41. Qe2 Bxe3 42. fxe3 Qc5 43. Re1 Rb3 44. Qf3 Rxb5 45. Qf5+ Kh8 46. Qd7 Rb8 47. Kh2 g5 48. Rd1 Qxe3 49. Qc7 Rb2 50. Qc8+ Kh7 51. Qf5+ Kg8 52. Qe6+ Kh7 1/2-1/2

[Event "Wiesbaden op 28th"]
[Site "Wiesbaden"]
[Date "2016.08.25"]
[Round "1"]
[White "Happel, Juergen"]
[Black "Brechlin, Olaf"]
[Result "1/2-1/2"]
[WhiteElo "1565"]
[BlackElo "1928"]
[PlyCount "52"]
[EventDate "2016.08.25"]
[EventType "swiss"]
[EventRounds "7"]
[EventCountry "GER"]
[SourceTitle "CBM 174 Extra"]
[Source "ChessBase"]
[SourceDate "2016.10.10"]
[SourceVersion "1"]
[SourceVersionDate "2016.10.10"]
[SourceQuality "1"]

1. d4 d5 2. Bf4 c6 3. c3 Nf6 4. h3 Bf5 5. e3 e6 6. Nf3 Bd6 7. Bxd6 Qxd6 8. Bd3 Ne4 9. 0-0 Nd7 10. Qc2 0-0 11. Nbd2 Ndf6 12. Nh4 Rae8 13. Nxf5 exf5 14. Nf3 Re6 15. c4 Rfe8 16. cxd5 Nxd5 17. Bc4 f4 18. Bxd5 cxd5 19. exf4 Qxf4 20. Rae1 Ng5 21. Nxg5 Qxg5 22. Rxe6 fxe6 23. Qc1 Qf6 24. Qc3 e5 25. dxe5 Qxe5 26. Rd1 Kf7 1/2-1/2

[Event "Rhein Main op-B 19th"]
[Site "Bad Homburg"]
[Date "2016.05.26"]
[Round "2"]
[White "Pyshny, Anton"]
[Black "Happel, Juergen"]
[Result "1-0"]
[WhiteElo "1442"]
[BlackElo "1573"]
[PlyCount "161"]
[EventDate "2016.05.25"]
[EventType "swiss"]
[EventRounds "7"]
[EventCountry "GER"]
[SourceTitle "EXT 2017"]
[Source "ChessBase"]
[SourceDate "2016.10.25"]
[SourceVersion "1"]
[SourceVersionDate "2016.10.25"]
[SourceQuality "1"]

1. e4 e5 2. Nf3 Nc6 3. Bc4 d6 4. h3 h6 5. c3 Nf6 6. d3 Be7 7. 0-0 0-0 8. Re1 Na5 9. Bb3 Nxb3 10. axb3 c5 11. c4 Bd7 12. Bd2 b5 13. b4 cxb4 14. Bxb4 bxc4 15. dxc4 Qb6 16. Ba3 Be6 17. Nbd2 Rfc8 18. b3 Rc6 19. Nxe5 Rc7 20. Nef3 Rac8 21. Qe2 Nd7 22. Qe3 Qxe3 23. Rxe3 Rb7 24. Nd4 Nf8 25. Nb5 Rd8 26. Bb2 Ra8 27. Rd3 Rd7 28. Nf3 a6 29. Kh1 Ng6 30. Bc1 Ne5 31. Nxe5 dxe5 32. Rxd7 Bxd7 33. Nc7 Ra7 34. Nd5 Bc5 35. Be3 Bd4 36. Bxd4 exd4 37. Rd1 a5 38. Rxd4 Be6 39. Rd1 Rb7 40. Ra1 Rxb3 41. Rxa5 Rb1+ 42. Kh2 Rc1 43. Rc5 f5 44. exf5 Bxd5 45. Rxd5 Rxc4 46. Kg3 Kf7 47. Rd6 h5 48. Rg6 h4+ 49. Kf3 Rc3+ 50. Kg4 Rc2 51. Kxh4 Rxf2 52. g4 Rf3 53. Rb6 Rd3 54. Rb2 g5+ 55. fxg6+ Kxg6 56. Rb6+ Kg7 57. Rb4 Kg6 58. g5 Rd5 59. Rb6+ Kg7 60. Kh5 Rd8 61. Rb7+ Kf8 62. h4 Rd5 63. Kh6 Kg8 64. g6 Rd8 65. h5 Rc8 66. Rb6 Rd8 67. Rf6 Rd7 68. Ra6 Rd8 69. Ra5 Rc8 70. Kg5 Kh8 71. h6 Rd8 72. Re5 Kg8 73. Kf6 Rf8+ 74. Ke7 Rb8 75. Rd5 Rb7+ 76. Rd7 Rxd7+ 77. Kxd7 Kf8 78. Ke6 Kg8 79. Kf6 Kh8 80. g7+ Kh7 81. Kf7 1-0

[Event "Hessen-ch op-B"]
[Site "Floersheim"]
[Date "2016.05.05"]
[Round "2"]
[White "Happel, Juergen"]
[Black "Gutacker, Stephan"]
[Result "0-1"]
[WhiteElo "1573"]
[BlackElo "1868"]
[PlyCount "94"]
[EventDate "2016.05.05"]
[EventType "swiss"]
[EventRounds "7"]
[EventCountry "GER"]
[SourceTitle "EXT 2022"]
[Source "ChessBase"]
[SourceDate "2021.10.06"]
[SourceVersion "1"]
[SourceVersionDate "2021.10.06"]
[SourceQuality "1"]

1. d4 Nf6 2. h3 b6 3. Bf4 Ba6 4. Nd2 d5 5. e3 Bxf1 6. Nxf1 e6 7. Nf3 Nbd7 8. N1d2 c5 9. c3 Be7 10. 0-0 0-0 11. Ne5 Nxe5 12. Bxe5 Bd6 13. Bxd6 Qxd6 14. Nf3 Ne4 15. a4 c4 16. Qc2 a6 17. Rfc1 b5 18. axb5 axb5 19. b4 Ra6 20. Nd2 Nxd2 21. Qxd2 Rfa8 22. Qb2 Qb6 23. Rxa6 Qxa6 24. f3 f5 25. g4 fxg4 26. hxg4 h6 27. Kg2 g6 28. Kg3 Kg7 29. Rh1 Qa2 30. Rh2 Qxb2 31. Rxb2 Ra1 32. Rc2 Kf6 33. e4 dxe4 34. fxe4 Rg1+ 35. Kf4 Rf1+ 36. Kg3 Kg5 37. Rd2 Rc1 38. Kf3 Rxc3+ 39. Ke2 Rh3 40. d5 Rh2+ 41. Kd1 Rxd2+ 42. Kxd2 exd5 43. e5 d4 44. Ke2 h5 45. Kf3 hxg4+ 46. Ke4 g3 47. e6 Kf6 0-1

[Event "Wiesbaden op 27th"]
[Site "Wiesbaden"]
[Date "2015.08.30"]
[Round "7"]
[White "Happel, Juergen"]
[Black "Reitz, Philipp"]
[Result "0-1"]
[WhiteElo "1586"]
[BlackElo "1773"]
[PlyCount "52"]
[EventDate "2015.08.27"]
[EventType "swiss"]
[EventRounds "7"]
[EventCountry "GER"]
[SourceTitle "EXT 2016"]
[Source "ChessBase"]
[SourceDate "2015.10.08"]
[SourceVersion "1"]
[SourceVersionDate "2015.10.08"]
[SourceQuality "1"]

1. d4 Nf6 2. h3 c5 3. c3 g6 4. e3 Bg7 5. Nf3 0-0 6. Be2 d6 7. 0-0 Nbd7 8. Nbd2 Ne8 9. a4 Nc7 10. Bc4 d5 11. Bb3 e5 12. dxe5 Nxe5 13. Nxe5 Bxe5 14. Nf3 Bg7 15. Bc2 b6 16. Bd3 Bb7 17. Rb1 Ne6 18. c4 d4 19. b3 Qc7 20. Qe2 Rfe8 21. Qd1 Rad8 22. Be2 dxe3 23. Qc2 exf2+ 24. Kh1 Nd4 25. Nxd4 Bxd4 26. Bd3 Qg3 0-1

[Event "Wiesbaden op 27th"]
[Site "Wiesbaden"]
[Date "2015.08.28"]
[Round "3"]
[White "John, Volkmar"]
[Black "Happel, Juergen"]
[Result "1/2-1/2"]
[WhiteElo "1809"]
[BlackElo "1586"]
[PlyCount "71"]
[EventDate "2015.08.27"]
[EventType "swiss"]
[EventRounds "7"]
[EventCountry "GER"]
[SourceTitle "EXT 2016"]
[Source "ChessBase"]
[SourceDate "2015.10.08"]
[SourceVersion "1"]
[SourceVersionDate "2015.10.08"]
[SourceQuality "1"]

1. d4 d5 2. c4 e6 3. Nc3 c6 4. e3 Nf6 5. Nf3 Be7 6. Qc2 h6 7. Bd3 0-0 8. 0-0 Nbd7 9. e4 dxe4 10. Nxe4 Nxe4 11. Bxe4 Nf6 12. Bd3 a6 13. Be3 b6 14. Ne5 Bb7 15. f4 c5 16. Rad1 Qc7 17. h3 cxd4 18. Bxd4 Rad8 19. Be3 Bc5 20. Qf2 a5 21. Bxc5 Qxc5 22. Qxc5 bxc5 23. Kf2 Rd4 24. g3 Rfd8 25. Ke2 Nd7 26. Nf3 Bxf3+ 27. Rxf3 Nf6 28. b3 Ne4 29. Bc2 Rxd1 30. Bxd1 f5 31. Ke1 Rd2 32. Re3 Rxa2 33. g4 g6 34. Bf3 Ra1+ 35. Ke2 Ra2+ 36. Ke1 1/2-1/2

[Event "Rhein Main op-B 18th"]
[Site "Bad Homburg"]
[Date "2015.06.07"]
[Round "7"]
[White "Happel, Juergen"]
[Black "Schmid, Herbert"]
[Result "0-1"]
[WhiteElo "1567"]
[BlackElo "1721"]
[PlyCount "106"]
[EventDate "2015.06.03"]
[EventType "swiss"]
[EventRounds "7"]
[EventCountry "GER"]
[SourceTitle "CBM 167 Extra"]
[Source "ChessBase"]
[SourceDate "2015.09.14"]
[SourceVersion "1"]
[SourceVersionDate "2015.09.14"]
[SourceQuality "1"]

1. d4 c6 2. c3 d5 3. Bf4 Bf5 4. e3 Nf6 5. h3 Nbd7 6. Nf3 e6 7. Bd3 Bxd3 8. Qxd3 Qb6 9. Qc2 Qa6 10. Nbd2 c5 11. Ne5 Rc8 12. Qb1 cxd4 13. exd4 Nxe5 14. Bxe5 Nd7 15. Bh2 Be7 16. Nf3 0-0 17. Qd1 Bf6 18. Qe2 Qxe2+ 19. Kxe2 Rc6 20. Rhc1 Rfc8 21. g4 h6 22. h4 g6 23. Bf4 Bg7 24. g5 h5 25. Kd1 Rf8 26. Ke2 f6 27. Rg1 Kh7 28. a3 e5 29. Be3 f5 30. dxe5 Bxe5 31. Nxe5 Nxe5 32. Bd4 Re8 33. Bxe5 Rxe5+ 34. Kd2 Rc4 35. Rae1 Ree4 36. Rxe4 dxe4 37. Ke3 Rc6 38. Rd1 Rb6 39. Rd2 Kg7 40. f4 Kf7 41. b4 Ke6 42. c4 Rd6 43. Rxd6+ Kxd6 44. a4 a5 45. c5+ Kd5 46. c6 Kxc6 47. Kd4 axb4 48. Kc4 b3 49. Kxb3 Kc5 50. Kc3 b6 51. Kb3 Kd4 52. Kc2 Kc4 53. Kb2 Kb4 0-1